Normal view
MARC view
- PREMAN PS(Guide)
Entry Personal Name
001 - CONTROL NUMBER
- control field: 5486
003 - CONTROL NUMBER IDENTIFIER
- control field: OSt
005 - DATE AND TIME OF LATEST TRANSACTION
- control field: 20230624110140.0
008 - FIXED-LENGTH DATA ELEMENTS
- fixed length control field: 230624|| aca||aabn | a|a d
040 ## - CATALOGING SOURCE
- Original cataloging agency: OSt
- Transcribing agency: OSt
100 ## - HEADING--PERSONAL NAME
- Personal name: PREMAN PS(Guide)
670 ## - SOURCE DATA FOUND
- Source citation: Work cat.: (OSt)17713: FATHIMA RANA T AARIFF.S NADHIYA C ANUSREE. S KUMAR 5485, DEVELOPMENT AND PERFORMANCE EVALUATION OF SELF-PROPELLED PADDY SEEDER, 2023
